000 01382nam0a2200361 4500
001 RU\NLR\bibl\1867902
005 20260406011111.0
010 _a978-5-91313-065-5
_91000
021 _aRU
_b2012-2433
_9179
035 _a(nilc)RSL-KNO-005383420
035 _a(NLR Aleph) 001857763
090 _a2489389
_c2489389
100 _a20120206d2011 |||y0rusy50 ca
101 1 _arus
_ceng
102 _aRU
105 _aa |||||||||
200 1 _aПланеты и образование
_fНавал Сингх
_gнауч. рук. и ред. К. Н. Рао
_g[пер. с англ. Н. Заволокин]
210 _aМосква
_cНовое время
_d2011
215 _a190 с.
_cил.
_d22
300 _aПер. изд.: Planets and education / Naval Singh. Delhi, 2008
454 0 _12001#$aPlanets and education
_1700#1$3RU\NLR\auth\77116586$7ba$aSingh$bN.$gNaval$4070
_1210##$aDelhi$d2008
_tPlanets and education
_aSingh, Naval
606 1 _aАстрология
_91178522
_3RU\NLR\auth\66156241
686 _aЧ30в2:Э391.211,0
_2rubbk
686 _aЭ391.211,0
_2rubbk
686 _aЭ391.211
700 1 _4070
_7ca
_8rus
_aСингх
_bН.
_gНавал
_999510
_3RU\NLR\auth\77116585
801 0 _aRU
_bRuMoRKP
_c20120206
_grcr
801 1 _aRU
_bРГБ
_c20120206
801 2 _aRU
_bNLR
_c20120210
_grcr
942 _cBOOK
980 _aNB
980 _aNBR